000 01176nam a2200313 a 4500
001 000113475
003 CHAP
005 20220329144356.0
008 170629s2016 mx sm |||||||spa d
010 _a109936
011 _a110908
040 _cCHAP
090 _aTesis
100 1 _aMoreno Rodas, Christian Alberto
_9132784
245 1 0 _aEfecto de la actividad coagulante del extracto acuoso de la semilla de moringa ( Moringa Oleifera Lam.) sobre la leche /
_h[En línea]
_cpor Christian Alberto Moreno Rodas.
260 _aChapingo, Méx. :
_bEl autor,
_c2016.
500 _aPara ver el contenido del material haga clic en la liga
502 _aTesis (Ing. Agroindustrial) -- UACH. Departamento de Ingeniería Agroindustrial
590 _aE8697GMM
_b05
_c20170629
_lUCH01
_h1419
590 _aE8697GMM
_b05
_c20170629
_lUCH01
_h1440
650 1 4 _aExtractos de semillas
_xEfecto en leche.
_9132786
650 1 4 _aLeche
_xCoagulación.
_9132785
650 1 4 _aQueso
_xAnálisis sensorial.
_9132009
650 1 4 _aQueso
_xProcesado.
_993233
856 _aFinding aid
_uhttp://10.13.5.2/tesis/sist113475.pdf
_zTeclea aquí
901 _aBK
942 _cTESIS
942 _n0
999 _c109936
_d109936